• 首页
  • 本馆介绍
  • 公告通知
  • 最新文献
  • 馆藏检索
  • 电子资源
  • 读者导购
  • 参考咨询
  • 我的图书馆
  • 登录
  • 详细信息显示
  • 放入我的书架
  • 预约/预借图书
  • 作者相关作品
  • 分类相关作品
  • 丛书相关作品
  • 出版社相关作品

书目信息

  • 表格格式
  • 工作单格式
  • 卡片格式
题名:
农业推广工作管理
    
 
作者: 郭开源 编
分册:  
出版信息: 北京   农业出版社  1987
页数: 144页
开本: 19cm
丛书名: 农村经济经营管理丛书
单 册:
中图分类: F324.3
科图分类:
主题词: 农业技术推广站--管理--中国
电子资源:
ISBN: 4144.654
000 00736oam2 2200265 450
001 0187002756
005 20100712221924.0
010    @a4144.654@dCNY0.75
091    @a4144.654
100    @a19900808d1987 em y0chiy0110 ea
101 0  @achi
102    @aCN@b110000
105    @ay z 000yy
106    @ar
200 1  @a农业推广工作管理@9Nong Ye Tui Guang;An Gong Zuo Guan Li @f郭开源编
210    @a北京@c农业出版社@d1987
215    @a144页@d19cm
225 2  @a农村经济经营管理丛书
461  0 @12001 @a农村经济经营管理丛书
606 0  @a农业技术推广站@x管理@y中国
610 0  @a农业推广工作
690    @aF324.3@v3
701  0 @a郭开源@9guo kai yuan@4编
801  0 @aCN@bAzMarc@c20130904
905    @aBZT@dF324.3@e8@f2@sF324.3/8
    
    农业推广工作管理/郭开源编.-北京:农业出版社,1987
    144页;19cm.-(农村经济经营管理丛书)
    
    
    ISBN 4144.654:CNY0.75
    
●
相关链接 在五车中查询图书 在当当中查询图书 在豆瓣中查询图书


正题名:农业推广工作管理     索取号:F324.3/8         预约/预借

序号 登录号 条形码 馆藏地/架位号 状态 备注
1 2000109305   2000109305   旧书回溯/ [索取号:F324.3/8] 在馆    
2 2000109306   2000109306   旧书回溯/ [索取号:F324.3/8] 在馆    
山东省滨州职业学院图书馆 欢迎您!
大连网信软件有限公司© 版权所有